Normal view
MARC view
- Mamalias, Princess Kristine Sheen.
Entry Personal Name
001 - CONTROL NUMBER
- control field: 38594
003 - CONTROL NUMBER IDENTIFIER
- control field: OSt
005 - DATE AND TIME OF LATEST TRANSACTION
- control field: 20190426141957.0
008 - FIXED-LENGTH DATA ELEMENTS
- fixed length control field: 190426|| aca||aabn | a|a d
040 ## - CATALOGING SOURCE
- Original cataloging agency: OSt
- Transcribing agency: OSt
100 ## - HEADING--PERSONAL NAME
- Personal name: Mamalias, Princess Kristine Sheen.
670 ## - SOURCE DATA FOUND
- Source citation: Work cat.: (OSt): Mamalias, Princess Kristine Sheen., Eating habits and student's motivation /, February 2019.
